La cultura de la conversación
Saved in:
| Hovedforfatter: | |
|---|---|
| Format: | Bog |
| Sprog: | spansk |
| Udgivet: |
Buenos Aires
Fondo de Cultura Económica
2004
|
| Udgivelse: | 2a. ed |
| Fag: | |
| Tags: |
Tilføj Tag
Ingen Tags, Vær først til at tagge denne postø!
|
MARC
| LEADER | 00000cam a2200000 a 4500 | ||
|---|---|---|---|
| 001 | UCF2633 | ||
| 003 | CL-VaPUC | ||
| 008 | 120830e20040000AG |||||||||||||||||spa|d | ||
| 020 | |a 9505576013 | ||
| 082 | 0 | 4 | |a 302 |b CRA |2 21 |
| 100 | 0 | |a Craveri, Benedetta |e author |9 564352 | |
| 245 | 1 | 3 | |a La cultura de la conversación |
| 250 | |a 2a. ed | ||
| 300 | |a 610 p | ||
| 942 | |c BK | ||
| 945 | |d 20120830 00:00:00 |a dcastane | ||
| 260 | |a Buenos Aires |b Fondo de Cultura Económica |c 2004 | ||
| 650 | 0 | |a Comunicación oral |9 307769 | |
| 650 | 0 | |a Conversación |9 341332 | |
| 650 | 0 | |a Participación social |9 256140 | |
| 650 | 0 | |a Mujeres |9 257649 | |
| 650 | 0 | |a Influencia social |9 309315 | |
| 650 | 0 | |a Desarrollo cultural |9 267526 | |
| 650 | 0 | |a Psicología social |9 222894 | |
| 583 | |a last modification |c 20120830 10:25:00 |k Rodrigo Vera | ||
| 999 | |c 349174 |d 349172 | ||
| 952 | |0 0 |1 0 |4 0 |6 302_000000000000000_CRA_2004 |7 0 |8 A |9 451657 |a BIBING |b BIBING |d 2019-11-22 |i 4873947 |o 302 CRA 2004 |p 4873947 |r 2025-01-20 |w 2019-11-22 |y BK |k CUI | ||